00933cam a22002418a 4500001000500000005001700005020003000022020001800052040002300070050002400093082001400117100001700131245003900148250004500187260004000232300002300272505000700295520031100302521001700613521001700630650002300647650002100670267920240109145400.0 a9780545290142 (hardcover) a9780545290159 aDLCcDLCdDLCbeng00aPZ7.H59787bEl 201100a813.62221 aHirsch, Jeff14aThe eleventh plague /cJeff Hirsch aFirst paperback printing, September 2012 aNew York :bScholastic Press,c2011 a278 pages ;c20 cm aO  aTwenty years after the start of the war that caused the Collapse, fifteen-year-old Stephen, his father, and grandfather travel post-Collapse America scavenging, but when his grandfather dies and his father decides to risk everything to save the lives of two strangers, Stephen's life is turned upside down. a790 bLexile aO bRaz-Plus 1aSurvivalvFiction. 1aScience fiction.